| 000 | 00541cab a2200181 4500 | ||
|---|---|---|---|
| 001 | WB2612-18 | ||
| 008 | 090401t1990 xxu||||| |||| 00| 0 eng d | ||
| 035 | _a(Sirsi) u15640 | ||
| 041 | _aeng | ||
| 245 | _aAffect of poll tax on housing market | ||
| 260 | _c1990 | ||
| 350 | _a0 | ||
| 490 |
_aRICS Press Release _vPR31/90 16 March 1990 2 pages |
||
| 520 | _aA "softening" of the housing market in areas, where the community charge is lower, may affect the value of property. | ||
| 690 | _aHOUSING | ||
| 942 | _n0 | ||
| 948 | _c04/03/1997 | ||
| 999 |
_c10281 _d10281 |
||